[Event "SC KO Open"]
[Site "SchemingMind.com"]
[Date "2010.12.19"]
[Round "-"]
[White "marble"]
[Black "XTC"]
[Result "0-1"]
[WhiteCountry "ENG"]
[BlackCountry "COL"]
[WhiteElo "1528"]
[WhiteRD "61"]
[BlackElo "1922"]
[BlackRD "59"]
[GameID "270402"]

1. e4 c5 2. Nf3 Nc6 3. Nc3 g6 4. d4 cxd4 5. Nxd4 Bg7 6. Be3 Nf6 7. Nxc6 bxc6 8. e5 Ng8 9. f4 d6 10. exd6 exd6
11. Qf3 Ne7 12. O-O-O Bxc3 13. bxc3 Qa5 14. Bd4 Qa3+ 15. Kd2 O-O 16. Ra1 Be6 17. Qg3 Nf5 18. Qg5 Nxd4 19. cxd4 Qb4+ 20. Kc1 Qxd4
21. Rb1 Bxa2 22. Rb2 Bd5 23. Bd3 Qe3+ 24. Kb1 Rab8 25. Rf1 Rxb2+ 26. Kxb2 Rb8+ 27. Ka3 Qc5+
0-1

[Event "SC KO Open"]
[Site "SchemingMind.com"]
[Date "2010.12.19"]
[Round "-"]
[White "XTC"]
[Black "marble"]
[Result "1-0"]
[WhiteCountry "COL"]
[BlackCountry "ENG"]
[WhiteElo "1922"]
[WhiteRD "59"]
[BlackElo "1528"]
[BlackRD "61"]
[GameID "270405"]

1. d4 f5 2. g3 Nf6 3. Nf3 e6 4. Bg2 Nc6 5. Nc3 d6 6. Bg5 h6 7. Bxf6 Qxf6 8. Nb5 Qf7 9. O-O a6 10. Nc3 Bd7
11. d5 Ne5 12. Nxe5 dxe5 13. dxe6 Qxe6 14. Bxb7 Rb8 15. Bd5 Qb6 16. b3 c6 17. Na4 Qc7 18. Bf3 e4 19. Bh5+ Ke7 20. Nc5 Rd8
21. Qd4 Bc8 22. Qc3 Rd5 23. e3 f4 24. g4 Qd6 25. Nxe4 Qe6 26. exf4 g6 27. Qxh8 gxh5 28. f5 Qxe4 29. Rfe1 Qxe1+ 30. Rxe1+ Kf7
31. Qh7+ Bg7 32. Qg6+ Kf8 33. Qe8#
1-0

[Event "SC KO Open"]
[Site "SchemingMind.com"]
[Date "2011.01.06"]
[Round "-"]
[White "cnile"]
[Black "turbo_lag"]
[Result "1-0"]
[WhiteCountry "SCO"]
[BlackCountry "USA"]
[WhiteElo "1459"]
[WhiteRD "63"]
[BlackElo "1655"]
[BlackRD "84"]
[GameID "271938"]

1. d4 Nf6 2. Bg5 e6 3. e4 h6 4. Bxf6 Qxf6 5. Nf3 c5 6. e5 Qe7 7. c3 d6 8. Nbd2 d5 9. Be2 c4 10. Nf1 f6
11. Ne3 f5 12. O-O g5 13. a4 g4 14. Nd2 h5 15. Re1 Bh6 16. g3 Bxe3 17. fxe3 h4 18. Nf1 a5 19. Ra2 Bd7 20. Kg2 Bc6
21. Qc2 Na6 22. e4 Qg5 23. exf5 exf5 24. b3 Rh5 25. Bd1 O-O-O 26. Qe2 f4 27. Qxg4+ Bd7 28. Qxh5 Qxh5 29. Bxh5 Rh8 30. Bd1 hxg3
31. hxg3 Nc7 32. gxf4 Ne6 33. Rf2 Rg8+ 34. Kf3 Rf8 35. Ke3 Ng7 36. bxc4
1-0

[Event "SC KO Open"]
[Site "SchemingMind.com"]
[Date "2011.01.07"]
[Round "-"]
[White "turbo_lag"]
[Black "cnile"]
[Result "1-0"]
[WhiteCountry "USA"]
[BlackCountry "SCO"]
[WhiteElo "1655"]
[WhiteRD "84"]
[BlackElo "1459"]
[BlackRD "63"]
[GameID "271943"]

1. e4 c5 2. Nf3 Nc6 3. d4 cxd4 4. Nxd4 Nf6 5. Nc3 e6 6. Qe2 Nxd4 7. Qd3 Nc6 8. a3 Be7 9. f4 d6 10. Be2 O-O
11. Be3 Bd7 12. O-O-O a6 13. f5 e5 14. g4 b5 15. g5 Ne8 16. h4 f6 17. g6 Na5 18. h5 h6 19. Rhg1 Nc4 20. Qd5+ Kh8
21. Bxc4 Rc8 22. Bb3 Bc6 23. Qd2 a5 24. Qg2 b4 25. Bxh6 bxc3 26. Bxg7+ Nxg7 27. a4 cxb2+ 28. Kxb2 Qb6 29. Qd2 Bxe4 30. Qh6#
1-0

[Event "SC KO Open"]
[Site "SchemingMind.com"]
[Date "2011.02.05"]
[Round "-"]
[White "xare"]
[Black "THart"]
[Result "1-0"]
[WhiteCountry "USA"]
[BlackCountry "USA"]
[WhiteElo "1670"]
[WhiteRD "135"]
[BlackElo "1822"]
[BlackRD "81"]
[GameID "274645"]

1. e4 c6 2. d4 d5 3. e5 Bf5 4. Nc3 e6 5. Nge2 Ne7 6. Bg5 h6 7. Bh4 Qb6 8. Rb1 Ng6 9. Bg3 Be7 10. h4 Nd7
11. h5 Ngf8 12. f3 O-O-O 13. Bf2 g5 14. g4 Bh7 15. Nc1 f6 16. Nd3 f5 17. Bh3 f4 18. Bf1 Bb4 19. Be2 Bxc3+ 20. bxc3 Qa5
21. O-O Qc7 22. Nb4 Nb6 23. Qc1 Nc4 24. Bxc4 dxc4 25. Qa3 b5 26. Qa6+ Qb7 27. Qxc6+ Qxc6 28. Nxc6 Rd7 29. Rxb5 Bxc2 30. Nb4 Bd3
31. Nxd3 cxd3 32. Rd1 Rd5 33. c4 Rxb5 34. cxb5 Kb7 35. Rxd3 Nd7 36. Be1 Rc8 37. Rc3 Nb6 38. Rxc8 Kxc8 39. Bb4 Nd7 40. Kf2 Kb7
41. Ke2 Kb6 42. a4 a6 43. bxa6 Kxa6 44. Kd3 Kb6 45. Ke4 Kc6 46. Ba3 Kb6 47. d5 exd5+ 48. Kxd5 Ka5 49. e6 Nb6+ 50. Kc6 Nc4
51. e7 Ne5+ 52. Kc7
1-0

[Event "SC KO Open"]
[Site "SchemingMind.com"]
[Date "2011.02.05"]
[Round "-"]
[White "THart"]
[Black "xare"]
[Result "1-0"]
[WhiteCountry "USA"]
[BlackCountry "USA"]
[WhiteElo "1822"]
[WhiteRD "81"]
[BlackElo "1670"]
[BlackRD "135"]
[GameID "274649"]

1. d4 Nf6 2. Nf3 d5 3. e3 g6 4. Bd3 Bg7 5. O-O O-O 6. Nbd2 Nbd7 7. Re1 c5 8. c3 c4 9. Bc2 Re8 10. e4 e6
11. e5 Nh5 12. Nf1 Bh8 13. Ng5 f6 14. Nxh7 fxe5 15. Bxg6 Ng7 16. Bg5 Qc7 17. Qf3 Nf8 18. Nf6#
1-0

[Event "SC KO Open"]
[Site "SchemingMind.com"]
[Date "2011.02.10"]
[Round "-"]
[White "mmccaffe"]
[Black "Orhany24"]
[Result "1-0"]
[WhiteCountry "USA"]
[BlackCountry "TUR"]
[WhiteElo "1853"]
[WhiteRD "56"]
[BlackElo "1729"]
[BlackRD "70"]
[GameID "275504"]

1. e4 e5 2. Nf3 Nc6 3. Bb5 a6 4. Ba4 Nf6 5. Qe2 b5 6. Bb3 Be7 7. O-O O-O 8. c3 d6 9. h3 Na5 10. Bc2 c5
11. d3 h6 12. Nbd2 Nh7 13. a4 Bb7 14. d4 Qc7 15. dxe5 dxe5 16. axb5 axb5 17. Rd1 c4 18. Nf1 Ng5 19. Nxg5 Bxg5 20. Bxg5 hxg5
21. Qg4 Bc6 22. Qxg5 Nb3 23. Bxb3 cxb3 24. Nd2 Rfd8 25. Qe3 Qd6 26. Nxb3 Qe6 27. Rxa8 Rxa8 28. Nc5 Qc4 29. b3
1-0

[Event "SC KO Open"]
[Site "SchemingMind.com"]
[Date "2011.02.10"]
[Round "-"]
[White "Orhany24"]
[Black "mmccaffe"]
[Result "0-1"]
[WhiteCountry "TUR"]
[BlackCountry "USA"]
[WhiteElo "1725"]
[WhiteRD "71"]
[BlackElo "1823"]
[BlackRD "57"]
[GameID "275512"]

1. e4 c5 2. Nf3 d6 3. d4 cxd4 4. Nxd4 Nf6 5. Nc3 a6 6. a4 e5 7. Nf3 Be7 8. Bc4 Nc6 9. O-O O-O 10. h3 h6
11. Be3 Be6 12. Bd5 Bxd5 13. exd5 Nb8 14. a5 Nbd7 15. Nd2 Rc8 16. Nb3 Ne8 17. Na4 f5 18. f4 exf4 19. Bxf4 g5 20. Be3 f4
21. Bd4 Bf6 22. Nb6 Bxd4+ 23. Nxd4 Nxb6 24. Ne6 Qf6 25. Nxf8 Nc4 26. Ne6 Nxb2 27. Qd2 Nc4 28. Qd3 Ne3 29. Rfc1 Rxc2
0-1

[Event "SC KO Open"]
[Site "SchemingMind.com"]
[Date "2011.03.29"]
[Round "-"]
[White "XTC"]
[Black "xare"]
[Result "1-0"]
[WhiteCountry "COL"]
[BlackCountry "USA"]
[WhiteElo "1930"]
[WhiteRD "67"]
[BlackElo "1636"]
[BlackRD "128"]
[GameID "279086"]

1. e4 c5 2. Nf3 d6 3. d4 cxd4 4. Nxd4 Nf6 5. f3 Nc6 6. c4 e6 7. Nc3 a6 8. Nxc6 bxc6 9. Be3 c5 10. Bd3 Rb8
11. b3 d5 12. cxd5 exd5 13. exd5 Qa5 14. Bd2 Qb4 15. Qe2+ Kd8 16. Na4 Qh4+ 17. g3 Qh5 18. Ba5+ Kd7 19. g4 Qh4+ 20. Kd1 Nxd5
21. Qe5 Kc6 22. Qxb8 Bd6 23. Qa8+ Bb7 24. Qxh8 Qf2 25. Qe8#
1-0

[Event "SC KO Open"]
[Site "SchemingMind.com"]
[Date "2011.03.29"]
[Round "-"]
[White "xare"]
[Black "XTC"]
[Result "0-1"]
[WhiteCountry "USA"]
[BlackCountry "COL"]
[WhiteElo "1636"]
[WhiteRD "128"]
[BlackElo "1930"]
[BlackRD "67"]
[GameID "279092"]

1. c4 Nf6 2. g3 e5 3. Bg2 c6 4. Nc3 Bc5 5. e3 Bb4 6. Nge2 d6 7. O-O Bg4 8. f3 Be6 9. d3 O-O 10. a3 Bxc3
11. Nxc3 Nbd7 12. f4 exf4 13. Rxf4 Ne5 14. b3 Re8 15. Bb2 Qb6 16. Kf2 Neg4+ 17. Ke1 Nxe3 18. Qd2 Nxg2+
0-1

[Event "SC KO Open"]
[Site "SchemingMind.com"]
[Date "2011.04.28"]
[Round "-"]
[White "clario"]
[Black "Zerstörer"]
[Result "1-0"]
[WhiteCountry "RSA"]
[BlackCountry "ITA"]
[WhiteElo "2207"]
[WhiteRD "85"]
[BlackElo "2074"]
[BlackRD "75"]
[GameID "282025"]

1. d4 d5 2. c4 e6 3. Nc3 Nf6 4. Bg5 Be7 5. e3 O-O 6. Nf3 Nbd7 7. Rc1 a6 8. cxd5 exd5 9. Bd3 h6 10. Bf4 Nh5
11. Nxd5 Nxf4 12. Nxf4 Nf6 13. O-O Bd6 14. Ne5 Bd7 15. Qf3 c6 16. Bc4 Qc7 17. Nfg6
1-0

[Event "SC KO Open"]
[Site "SchemingMind.com"]
[Date "2011.04.28"]
[Round "-"]
[White "Zerstörer"]
[Black "clario"]
[Result "0-1"]
[WhiteCountry "ITA"]
[BlackCountry "RSA"]
[WhiteElo "2029"]
[WhiteRD "74"]
[BlackElo "2218"]
[BlackRD "86"]
[GameID "282032"]

1. e4 c5 2. Nf3 d6 3. d4 cxd4 4. Nxd4 Nf6 5. Nc3 a6 6. Bc4 e6 7. Bb3 b5 8. O-O Be7 9. Qf3 Qc7 10. Qg3 Nc6
11. Nxc6 Qxc6 12. Re1 O-O 13. f3 Nh5 14. Qf2 a5 15. a3 Bb7 16. Be3 a4 17. Ba2 Rac8 18. Rac1 Bf6 19. Bd4 Be5 20. Bxe5 dxe5
21. Red1 Rfd8 22. Rxd8+ Rxd8 23. Rd1 Rxd1+ 24. Nxd1 Qd6 25. Nc3 g6 26. Qe2 b4 27. axb4 a3 28. bxa3 Qd4+ 29. Qf2 Qxc3 30. Bb3 Qa1+
31. Qf1 Qxa3 32. Qb5 Qa7+ 33. Qc5 Qxc5+ 34. bxc5 Bc6 35. Bc4 Nf6 36. Ba6 Nd7
0-1

[Event "SC KO Open"]
[Site "SchemingMind.com"]
[Date "2011.06.06"]
[Round "-"]
[White "cnile"]
[Black "mmccaffe"]
[Result "0-1"]
[WhiteCountry "SCO"]
[BlackCountry "USA"]
[WhiteElo "1441"]
[WhiteRD "59"]
[BlackElo "1771"]
[BlackRD "52"]
[GameID "285586"]

1. e4 c5 2. Nc3 d6 3. Nge2 g6 4. d4 cxd4 5. Nxd4 Bg7 6. Be3 Nf6 7. Be2 O-O 8. f3 Nc6 9. Nxc6 bxc6 10. Qd2 a5
11. a4 Be6 12. b3 d5 13. exd5 Nxd5 14. h4 Nxc3 15. O-O Qxd2 16. Bxd2 Nxe2+ 17. Kh2 Bxa1
0-1

[Event "SC KO Open"]
[Site "SchemingMind.com"]
[Date "2011.06.06"]
[Round "-"]
[White "mmccaffe"]
[Black "cnile"]
[Result "1-0"]
[WhiteCountry "USA"]
[BlackCountry "SCO"]
[WhiteElo "1771"]
[WhiteRD "52"]
[BlackElo "1441"]
[BlackRD "59"]
[GameID "285595"]

1. Nf3 d5 2. g3 c6 3. Bg2 Nf6 4. O-O Bf5 5. d3 Nbd7 6. Nbd2 e6 7. b3 Be7 8. Bb2 h6 9. e3 Nc5 10. d4 Ncd7
11. Qe2 Bxc2 12. Rfc1 Bg6 13. a3 O-O 14. b4 a6 15. Nb3 Nb6 16. Ne5 Bh7 17. Nc5 Bxc5 18. bxc5 Nbd7 19. f4 Bf5 20. g4 Bh7
21. h4 Ne8 22. g5 hxg5 23. hxg5 Bf5 24. Qh5 f6 25. Ng6 fxg5 26. fxg5 Bxg6 27. Qxg6 Rc8 28. Qxe6+ Kh8 29. e4 dxe4 30. Rc3 Nc7
31. Rh3#
1-0

[Event "SC KO Open"]
[Site "SchemingMind.com"]
[Date "2011.07.26"]
[Round "-"]
[White "MARISCAL"]
[Black "mmccaffe"]
[Result "1-0"]
[WhiteCountry "ESP"]
[BlackCountry "USA"]
[WhiteElo "2186"]
[WhiteRD "93"]
[BlackElo "1800"]
[BlackRD "54"]
[GameID "289216"]

1. e4 e5 2. Nf3 Nc6 3. Bb5 a6 4. Bxc6 dxc6 5. O-O Qd6 6. Na3 Be6 7. Qe2 f6 8. Rd1 O-O-O 9. d4 exd4 10. Rxd4 Qe7
11. Bf4 Rxd4 12. Nxd4
1-0

[Event "SC KO Open"]
[Site "SchemingMind.com"]
[Date "2011.07.26"]
[Round "-"]
[White "mmccaffe"]
[Black "MARISCAL"]
[Result "0-1"]
[WhiteCountry "USA"]
[BlackCountry "ESP"]
[WhiteElo "1800"]
[WhiteRD "54"]
[BlackElo "2186"]
[BlackRD "93"]
[GameID "289224"]

1. e4 e6 2. d4 d5 3. Nc3 Nf6 4. e5 Nfd7 5. f4 c5 6. Nf3 Nc6 7. Be2 cxd4 8. Nxd4 Ndxe5 9. Nxe6 Bxe6 10. fxe5 Bc5
11. Na4 Qh4+
0-1

[Event "SC KO Open"]
[Site "SchemingMind.com"]
[Date "2011.08.23"]
[Round "-"]
[White "Naoki_M"]
[Black "clario"]
[Result "0-1"]
[WhiteCountry "JPN"]
[BlackCountry "RSA"]
[WhiteElo "1583"]
[WhiteRD "86"]
[BlackElo "2135"]
[BlackRD "99"]
[GameID "291185"]

1. e4 c5 2. Nf3 d6 3. d4 cxd4 4. Nxd4 Nf6 5. Nc3 a6 6. Bc4 e6 7. O-O b5 8. Bd3 Nbd7 9. b4 Bb7 10. Re1 Be7
11. Bd2 O-O 12. a3 Qb6 13. Be3 Qc7 14. Nde2 Ng4 15. f3 Nxe3 16. Qd2 Qb6 17. Kh1 Bg5 18. f4 Bh6 19. g3 f5 20. h4 Nf6
21. Ng1 fxe4 22. Nxe4 Nxe4 23. Bxe4 Bxe4+
0-1

[Event "SC KO Open"]
[Site "SchemingMind.com"]
[Date "2011.08.21"]
[Round "-"]
[White "clario"]
[Black "Naoki_M"]
[Result "0-1"]
[WhiteCountry "RSA"]
[BlackCountry "JPN"]
[WhiteElo "2132"]
[WhiteRD "95"]
[BlackElo "1616"]
[BlackRD "86"]
[GameID "291187"]

1. d4 Nf6 2. c4 c5 3. d5 e6 4. Nc3 exd5 5. cxd5 d6 6. e4 Bd7 7. Nf3 Be7 8. e5 dxe5 9. d6 e4 10. Ne5 Be6
0-1

[Event "SC KO Open"]
[Site "SchemingMind.com"]
[Date "2012.01.11"]
[Round "-"]
[White "Naoki_M"]
[Black "MARISCAL"]
[Result "0-1"]
[WhiteCountry "JPN"]
[BlackCountry "ESP"]
[WhiteElo "1571"]
[WhiteRD "100"]
[BlackElo "2312"]
[BlackRD "71"]
[GameID "301074"]

1. d4 Nf6 2. c4 e6 3. g3 d5 4. Bg2 c6 5. Nf3 Nbd7 6. Nc3 dxc4 7. O-O b5 8. a3 Bb7 9. e4 Be7 10. Re1 a6
11. e5 Nd5 12. Nxd5 cxd5 13. Bd2 Nb8 14. Rc1 Nc6 15. Bc3 a5 16. a4 b4 17. Bd2 b3 18. Bc3 Nb4 19. Bxb4 axb4 20. Ra1 O-O
21. Nd2 Qb6 22. Nf1 Bc6 23. Re2 Bxa4 24. Qd2 Bb5 25. Rxa8 Rxa8 26. Re1 Ra2 27. Qd1 Rxb2 28. Ne3 c3 29. Bxd5 exd5 30. Nxd5 Qd8
31. Ne3 c2 32. Nxc2 bxc2 33. Qa1 Qxd4
0-1

[Event "SC KO Open"]
[Site "SchemingMind.com"]
[Date "2012.01.11"]
[Round "-"]
[White "MARISCAL"]
[Black "Naoki_M"]
[Result "1-0"]
[WhiteCountry "ESP"]
[BlackCountry "JPN"]
[WhiteElo "2312"]
[WhiteRD "71"]
[BlackElo "1571"]
[BlackRD "100"]
[GameID "301078"]

1. e4 c5 2. c3 Nf6 3. e5 Nd5 4. d4 cxd4 5. Nf3 Nc6 6. Bc4 Nb6 7. Bb3 d6 8. exd6 Qxd6 9. Na3 dxc3 10. Qxd6 exd6
11. Nb5 Ke7 12. bxc3 Be6 13. Bf4 Rd8 14. Rd1 Nc8 15. O-O h6 16. Rfe1 g5 17. Bg3 Bg7 18. Nc7 Ne5 19. Bxe6 fxe6 20. Nd4 Rd7
21. Ncxe6 Bf6 22. f4 gxf4 23. Nxf4 Kf7 24. Rf1 Ne7 25. Nh5 Ng8 26. Bh4 Ng4 27. Rd3 a6 28. Rg3 Ne5 29. Nxf6 Nxf6 30. Bxf6 Rh7
31. Bd8+ Ke8 32. Rg8#
1-0